[Event "CRO-chT2 West"]
[Site "Rijeka"]
[Date "2020.10.25"]
[Round "8.3"]
[White "Zezelj, Milan"]
[Black "Tomljanovic, Goran"]
[Result "1/2-1/2"]
[WhiteElo "1939"]
[BlackElo "2103"]
[PlyCount "55"]
[EventDate "2020.09.12"]
[EventType "team-tourn"]
[EventRounds "9"]
[EventCountry "CRO"]
[SourceTitle "EXT 2022"]
[Source "ChessBase"]
[SourceDate "2021.10.06"]
[SourceVersion "1"]
[SourceVersionDate "2021.10.06"]
[SourceQuality "1"]
[WhiteTeam "Karlobag"]
[BlackTeam "Senj Velebit"]
[WhiteTeamCountry "CRO"]
[BlackTeamCountry "CRO"]

1. e4 g6 2. d4 Bg7 3. Nc3 d6 4. Be3 Nf6 5. f3 c6 6. Qd2 Qa5 7. Nge2 b5 8. Nc1 h5 9. Nb3 Qc7 10. Be2 a5 11. a4 b4 12. Nd1 Be6 13. Nf2 Nbd7 14. 0-0 Nb6 15. Rfe1 Nc4 16. Bxc4 Bxc4 17. Nc1 Nd7 18. Ne2 c5 19. b3 Ba6 20. Rad1 c4 21. h3 Rc8 22. d5 Nc5 23. Nd4 Rh7 24. Rb1 Be5 25. Red1 Kd7 26. Bf4 Bf6 27. Bg5 Bg7 28. Be3 1/2-1/2

[Event "CRO-chT2 West"]
[Site "Rijeka"]
[Date "2020.10.11"]
[Round "6.3"]
[White "Hajdo, Dalia"]
[Black "Tomljanovic, Goran"]
[Result "0-1"]
[WhiteElo "1895"]
[BlackElo "2103"]
[PlyCount "84"]
[EventDate "2020.09.12"]
[EventType "team-tourn"]
[EventRounds "9"]
[EventCountry "CRO"]
[SourceTitle "EXT 2022"]
[Source "ChessBase"]
[SourceDate "2021.10.06"]
[SourceVersion "1"]
[SourceVersionDate "2021.10.06"]
[SourceQuality "1"]
[WhiteTeam "Rijeka II"]
[BlackTeam "Senj Velebit"]
[WhiteTeamCountry "CRO"]
[BlackTeamCountry "CRO"]

1. e4 g6 2. Nf3 Bg7 3. Nc3 Nf6 4. d4 0-0 5. Bc4 d6 6. 0-0 Nc6 7. Bg5 Bg4 8. Be2 h6 9. Be3 e5 10. h3 Bxf3 11. Bxf3 exd4 12. Bxd4 Re8 13. Be3 a6 14. Qd2 Kh7 15. Rad1 Rb8 16. a3 b5 17. Rfe1 g5 18. Qc1 Qc8 19. Be2 b4 20. axb4 Rxb4 21. Qa1 a5 22. Bb5 Qb7 23. Bxc6 Qxc6 24. Qxa5 Rxb2 25. Qf5+ Kh8 26. Nd5 Nxd5 27. exd5 Qxc2 28. Qf3 Qg6 29. Rc1 Re7 30. Ra1 Rb3 31. Ra8+ Kh7 32. g4 Rd3 33. Rd1 Rxd1+ 34. Qxd1 Qe4 35. Ra4 Qg6 36. Ra8 f5 37. Qb3 f4 38. Qb8 Qc2 39. Bd2 Qd1+ 40. Kh2 Qf1 41. Qb3 Qxf2+ 42. Kh1 Qf1+ 0-1

[Event "Mediterranean op 6th"]
[Site "Rijeka"]
[Date "2013.12.05"]
[Round "7"]
[White "Baljak, Jadranko"]
[Black "Tomljanovic, Goran"]
[Result "1-0"]
[WhiteElo "1912"]
[BlackElo "2079"]
[PlyCount "147"]
[EventDate "2013.11.30"]
[EventType "swiss"]
[EventRounds "9"]
[EventCountry "CRO"]
[SourceTitle "CBM 157 Extra"]
[Source "ChessBase"]
[SourceDate "2013.12.19"]
[SourceVersion "1"]
[SourceVersionDate "2013.12.19"]
[SourceQuality "1"]

1. d4 f5 2. c4 g6 3. g3 Nf6 4. Bg2 Bg7 5. Nf3 0-0 6. 0-0 d6 7. Nc3 Nc6 8. b3 e5 9. dxe5 Ng4 10. Ba3 Re8 11. Rc1 Ngxe5 12. Nxe5 Bxe5 13. c5 Be6 14. cxd6 cxd6 15. Qd2 Qa5 16. Bb2 Rad8 17. Rfd1 Rd7 18. Nd5 Qxd2 19. Rxd2 Kg7 20. Nf4 Bxb2 21. Rxb2 Ne5 22. Rbc2 g5 23. Nd5 Bxd5 24. Bxd5 Kf6 25. Rc7 Ree7 26. Rc8 Ng6 27. e3 f4 28. e4 Ne5 29. a4 Nd3 30. R1c3 Ne5 31. f3 g4 32. Rf8+ Kg7 33. Rg8+ Kf6 34. gxf4 Nxf3+ 35. Kf2 h5 36. Rcc8 Rg7 37. Rcf8+ Kg6 38. h3 Nd2 39. hxg4 hxg4 40. Kg3 Nf1+ 41. Kf2 Nd2 42. Rxg7+ Kxg7 43. Rg8+ Kf6 44. Rxg4 Rc7 45. Ke3 Nf1+ 46. Kd4 Rc2 47. f5 Rd2+ 48. Kc3 Rxd5 49. exd5 Ne3 50. Rg6+ Kxf5 51. Rxd6 Nd1+ 52. Kd2 Nf2 53. Rd7 Ne4+ 54. Ke3 Nc5 55. Rh7 Ke5 56. Rh5+ Kd6 57. Kd4 Nxb3+ 58. Kc4 Nd2+ 59. Kd3 Nb3 60. Rg5 Nc5+ 61. Kc4 Nxa4 62. Rg6+ Kc7 63. Kd4 Nb6 64. Ke4 Nc4 65. Kd4 Nb6 66. Rh6 Nd7 67. Ke4 a5 68. Kf5 b5 69. Ke6 a4 70. Rh7 a3 71. Rxd7+ Kb6 72. Rh7 a2 73. Rh1 b4 74. d6 1-0

[Event "Mediterranean op 6th"]
[Site "Rijeka"]
[Date "2013.12.01"]
[Round "2"]
[White "Tomljanovic, Goran"]
[Black "Pridigar, Lovro"]
[Result "0-1"]
[WhiteElo "2079"]
[BlackElo "1578"]
[PlyCount "72"]
[EventDate "2013.11.30"]
[EventType "swiss"]
[EventRounds "9"]
[EventCountry "CRO"]
[SourceTitle "CBM 157 Extra"]
[Source "ChessBase"]
[SourceDate "2013.12.19"]
[SourceVersion "1"]
[SourceVersionDate "2013.12.19"]
[SourceQuality "1"]

1. d4 d5 2. c4 c6 3. Nc3 Nf6 4. e3 e6 5. Bd3 Be7 6. Nge2 0-0 7. 0-0 Nbd7 8. f4 dxc4 9. Bxc4 b5 10. Bd3 a6 11. e4 Nb6 12. e5 Nfd5 13. Ne4 Bb7 14. N2g3 g6 15. f5 exf5 16. Nxf5 gxf5 17. Rxf5 Bc8 18. Rh5 f5 19. exf6 Bxf6 20. Qe1 Bxd4+ 21. Kh1 Nf4 22. Qg3+ Ng6 23. Bg5 Qd7 24. Bh6 Bg7 25. Bxg7 Kxg7 26. Ng5 h6 27. Nf3 Qxd3 28. Rxh6 Kxh6 29. Re1 Nd5 30. Qg5+ Kg7 31. h4 Rf4 32. Qd8 Rxf3 33. Re8 Qf1+ 34. Kh2 Rf8 35. h5 Qxg2+ 36. Kxg2 Bh3+ 0-1

[Event "Kraljevica ZNG111 op 14th"]
[Site "Kraljevica"]
[Date "2012.02.19"]
[Round "3"]
[White "Tomljanovic, Goran"]
[Black "Samblic, Silvano"]
[Result "1-0"]
[WhiteElo "2063"]
[BlackElo "1988"]
[PlyCount "81"]
[EventDate "2012.02.18"]
[EventType "swiss"]
[EventRounds "7"]
[EventCountry "CRO"]
[SourceTitle "CBM 147 Extra"]
[Source "ChessBase"]
[SourceDate "2012.04.24"]
[SourceVersion "1"]
[SourceVersionDate "2012.04.24"]
[SourceQuality "1"]

1. d4 Nf6 2. c4 e6 3. Nc3 d5 4. e3 c6 5. Nf3 Nbd7 6. Be2 Bb4 7. 0-0 0-0 8. Qc2 Re8 9. a3 Bxc3 10. Qxc3 Ne4 11. Qc2 a5 12. b3 f5 13. Bb2 g5 14. Ne5 Qf6 15. Bd3 Nd6 16. f3 Rf8 17. e4 Nf7 18. exf5 dxc4 19. bxc4 exf5 20. Bxf5 Ndxe5 21. Bxh7+ Kg7 22. dxe5 Qe6 23. f4 gxf4 24. Rxf4 Ng5 25. Rxf8 Kxf8 26. Rf1+ Ke8 27. Rf6 Qg4 28. Qg6+ Kd8 29. Rf8+ Kc7 30. Qd6+ Kb6 31. Bd4+ Ka6 32. Qc5 Nh3+ 33. Kh1 Qd1+ 34. Bg1 Nxg1 35. Qxg1 Qe2 36. Bf5 Qxe5 37. Rxc8 Rxc8 38. Bxc8 Qb2 39. h4 Qxa3 40. Qb1 Qe7 41. Qxb7+ 1-0

[Event "Zadar op-B 18th"]
[Site "Zadar"]
[Date "2011.12.12"]
[Round "2"]
[White "Tomljanovic, Goran"]
[Black "Vlashki, Nino"]
[Result "0-1"]
[WhiteElo "2082"]
[BlackElo "2252"]
[PlyCount "92"]
[EventDate "2011.12.11"]
[EventType "swiss"]
[EventRounds "9"]
[EventCountry "CRO"]
[SourceTitle "CBM 145 Extra"]
[Source "ChessBase"]
[SourceDate "2012.01.03"]
[SourceVersion "1"]
[SourceVersionDate "2012.01.03"]
[SourceQuality "1"]

1. d4 Nf6 2. c4 e5 3. d5 Bc5 4. e3 d6 5. Nc3 c6 6. Bd3 b5 7. Nge2 0-0 8. 0-0 bxc4 9. Bxc4 Bb7 10. Ng3 cxd5 11. Nxd5 Nbd7 12. b4 Bb6 13. Nf5 Bc7 14. Bb2 Nb6 15. Nxb6 axb6 16. Rc1 Qd7 17. Ng3 b5 18. Bb3 Bb6 19. Qd3 Rfe8 20. Rfd1 d5 21. Ne4 Nxe4 22. Qxe4 Rad8 23. Qh4 Re6 24. Bc2 Rh6 25. Qg3 f6 26. e4 d4 27. Kh1 Rg6 28. Qd3 f5 29. f3 fxe4 30. fxe4 Rf8 31. Rf1 Rgf6 32. Rxf6 Rxf6 33. Rf1 Bxe4 34. Bb3+ Bd5 35. Rxf6 gxf6 36. Qg3+ Kf8 37. Bc2 Qc7 38. Bf5 Qc4 39. Qe1 Qxa2 40. Qd2 Kg7 41. Qe2 Qc4 42. Bd3 Qc6 43. Qg4+ Kh8 44. Bf5 Qc4 45. Qd1 Qxb4 46. Bc1 Ba5 0-1

[Event "CRO-Cup 19th"]
[Site "Sibenik"]
[Date "2010.05.19"]
[Round "1"]
[White "Tomljanovic, Goran"]
[Black "Valkovic, Kristian"]
[Result "0-1"]
[WhiteElo "2139"]
[BlackElo "2027"]
[PlyCount "142"]
[EventDate "2010.05.19"]
[EventType "team-tourn"]
[EventRounds "6"]
[EventCountry "CRO"]
[SourceTitle "CBM 136 Extra"]
[Source "ChessBase"]
[SourceDate "2010.07.02"]
[SourceVersion "2"]
[SourceVersionDate "2010.07.15"]
[SourceQuality "1"]

1. d4 g6 2. c4 f5 3. Nc3 Nf6 4. Bg5 Bg7 5. e3 d6 6. Nf3 0-0 7. Bd3 h6 8. Bh4 Nc6 9. d5 Ne5 10. Nxe5 dxe5 11. Bxf6 Bxf6 12. e4 c6 13. exf5 gxf5 14. f3 e6 15. dxc6 bxc6 16. Qc2 Bg5 17. 0-0 Kh8 18. Rfe1 Rg8 19. Rad1 Qf6 20. g3 h5 21. Kf2 e4 22. Bxe4 fxe4 23. Nxe4 Qg6 24. Qc3+ Kh7 25. Qa5 Rg7 26. Rd6 c5 27. Rc6 Be7 28. Re2 h4 29. Qc7 Bf6 30. Qf4 Bd4+ 31. Ke1 hxg3 32. hxg3 Kg8 33. Qh4 Bb7 34. Rd6 Bxe4 35. Rd8+ Rxd8 36. Qxd8+ Kf7 37. Qc7+ Kf8 38. Qc8+ Qe8 39. Qxe8+ Kxe8 40. Rxe4 Kd7 41. g4 Bxb2 42. Kf2 Kd6 43. Kg3 e5 44. Re2 Bc1 45. Re1 Bf4+ 46. Kf2 Rh7 47. Rd1+ Kc6 48. Ke2 Rh2+ 49. Kd3 Rxa2 50. Ke4 Re2+ 51. Kf5 Re3 52. Rf1 Rc3 53. g5 Bxg5 54. Kxg5 Rxc4 55. Kf5 Kd5 56. Kg5 a5 57. Rd1+ Rd4 58. Rc1 a4 59. Rc3 Rb4 60. Rd3+ Kc4 61. Ra3 Kb5 62. Kf5 Rb3 63. Ra1 Rxf3+ 64. Kxe5 Kb4 65. Kd5 c4 66. Rb1+ Rb3 67. Rc1 a3 68. Rxc4+ Kb5 69. Rc5+ Ka4 70. Rc1 a2 71. Ra1 Ka3 0-1

[Event "Senj op"]
[Site "Senj"]
[Date "2008.04.19"]
[Round "4"]
[White "Tomljanovic, Goran"]
[Black "Fercec, Nenad"]
[Result "0-1"]
[WhiteElo "2121"]
[BlackElo "2492"]
[PlyCount "68"]
[EventDate "2008.04.16"]
[EventType "swiss"]
[EventRounds "9"]
[EventCountry "CRO"]
[SourceTitle "CBM 123 Extra"]
[Source "ChessBase"]
[SourceDate "2008.05.06"]
[SourceVersion "1"]
[SourceVersionDate "2008.05.06"]
[SourceQuality "1"]

1. d4 Nf6 2. g3 d5 3. Bg2 g6 4. Nf3 Bg7 5. 0-0 0-0 6. b3 Ne4 7. Bb2 c5 8. e3 Nc6 9. Qc1 cxd4 10. Nxd4 Nxd4 11. Bxd4 e5 12. Bb2 Be6 13. f4 Rc8 14. Nd2 Nc3 15. Qe1 exf4 16. exf4 Ne2+ 17. Qxe2 Bxb2 18. Rab1 Rxc2 19. Qd1 Bf5 20. g4 Qa5 21. gxf5 Rxd2 22. Qf3 Re8 23. fxg6 Ree2 24. gxf7+ Kf8 25. Rbe1 Rxg2+ 26. Qxg2 Rxg2+ 27. Kxg2 Qd2+ 28. Kg3 Kxf7 29. Rd1 Qe3+ 30. Rf3 Qe4 31. Rdd3 Bd4 32. h4 h5 33. Rd1 Qg6+ 34. Kh2 Qc2+ 0-1

[Event "Rijeka ZNG111 op 11th"]
[Site "Rijeka"]
[Date "2008.01.10"]
[Round "2"]
[White "Doric, Nenad"]
[Black "Tomljanovic, Goran"]
[Result "1-0"]
[WhiteElo "2336"]
[BlackElo "2112"]
[PlyCount "61"]
[EventDate "2008.01.09"]
[EventType "swiss"]
[EventRounds "7"]
[EventCountry "CRO"]
[SourceTitle "CBM 122 Extra"]
[Source "ChessBase"]
[SourceDate "2008.03.04"]
[SourceVersion "1"]
[SourceVersionDate "2008.03.04"]
[SourceQuality "1"]

1. d4 g6 2. c4 Bg7 3. Nf3 Nf6 4. Nc3 d6 5. e4 0-0 6. Be2 Nbd7 7. 0-0 c6 8. Be3 e5 9. d5 c5 10. Ne1 Ne8 11. g4 Qe7 12. Kh1 f5 13. gxf5 gxf5 14. exf5 Ndf6 15. Nf3 Bxf5 16. Ng5 h6 17. Ne6 Bxe6 18. dxe6 Qxe6 19. Rg1 Kf7 20. Qc2 e4 21. Rg3 Nc7 22. Qd2 Rh8 23. f3 Rag8 24. fxe4 Bf8 25. Rf3 Ke8 26. e5 dxe5 27. Rd1 Be7 28. Rxf6 Bxf6 29. Bh5+ Kf8 30. Bxc5+ Kg7 31. Qd7+ 1-0

[Event "Rijeka op"]
[Site "Rijeka"]
[Date "2007.12.02"]
[Round "9"]
[White "Tomljanovic, Goran"]
[Black "Pandurevic, Miro"]
[Result "1-0"]
[WhiteElo "2127"]
[BlackElo "2270"]
[PlyCount "61"]
[EventDate "2007.11.25"]
[EventType "swiss"]
[EventRounds "9"]
[EventCountry "CRO"]
[SourceTitle "CBM 121 Extra"]
[Source "ChessBase"]
[SourceDate "2008.01.10"]
[SourceVersion "1"]
[SourceVersionDate "2008.01.10"]
[SourceQuality "1"]

1. d4 Nf6 2. c4 d6 3. Nc3 Bf5 4. f3 e5 5. d5 e4 6. g4 Nxg4 7. fxg4 Qh4+ 8. Kd2 e3+ 9. Kxe3 Qg5+ 10. Kf2 Qh4+ 11. Kg2 Qxg4+ 12. Kf2 Be7 13. Nf3 Bh4+ 14. Nxh4 Qxh4+ 15. Kg1 Nd7 16. Bg2 Qxc4 17. e4 Qc5+ 18. Kf1 Bg6 19. Qe2 a6 20. Be3 Qb4 21. a3 Qb3 22. Bd4 0-0 23. Bh3 f5 24. Kg1 Rae8 25. Rf1 c5 26. dxc6 bxc6 27. Qxa6 Rxe4 28. Nxe4 Qxh3 29. Nf2 Qh4 30. Re1 Ne5 31. Bxe5 1-0

[Event "Rijeka op"]
[Site "Rijeka"]
[Date "2007.11.27"]
[Round "4"]
[White "Lanzani, Mario"]
[Black "Tomljanovic, Goran"]
[Result "1-0"]
[WhiteElo "2345"]
[BlackElo "2127"]
[PlyCount "101"]
[EventDate "2007.11.25"]
[EventType "swiss"]
[EventRounds "9"]
[EventCountry "CRO"]
[SourceTitle "CBM 121 Extra"]
[Source "ChessBase"]
[SourceDate "2008.01.10"]
[SourceVersion "1"]
[SourceVersionDate "2008.01.10"]
[SourceQuality "1"]

1. d4 g6 2. e4 Bg7 3. Nf3 d6 4. Be2 Nf6 5. Nc3 0-0 6. 0-0 c6 7. Re1 Nbd7 8. e5 Ne8 9. Bf4 Qa5 10. Bf1 dxe5 11. dxe5 Nc7 12. Qc1 Rd8 13. Bc4 Nf8 14. Bg5 Re8 15. Bh6 Nfe6 16. a3 b5 17. Ba2 b4 18. axb4 Qxb4 19. Re4 Qb8 20. Bxg7 Kxg7 21. Rh4 Rh8 22. Qh6+ Kg8 23. Bb3 Bb7 24. Ng5 Qf8 25. Qxf8+ Kxf8 26. Bxe6 Nxe6 27. Nxe6+ fxe6 28. Rha4 a6 29. Rb4 Ra7 30. Ne4 Kg7 31. Nc5 Bc8 32. Rd1 a5 33. Rbd4 Kf7 34. h4 h6 35. R1d3 Re8 36. Rg4 Ra8 37. Rf3+ Kg7 38. Rfg3 Rb8 39. Rxg6+ Kh7 40. b3 Rb5 41. Nd3 Rd5 42. Rg7+ Kh8 43. Rf7 Rg8 44. Rxg8+ Kxg8 45. Rxe7 Ba6 46. Rxe6 Bxd3 47. cxd3 Rxd3 48. Rxc6 Rxb3 49. Rxh6 a4 50. Ra6 a3 51. Ra7 1-0